| 000 | 00506nam a2200181Ia 4500 | ||
|---|---|---|---|
| 999 |
_c19121 _d19121 |
||
| 003 | OSt | ||
| 005 | 20200630143142.0 | ||
| 008 | 190216s9999||||xx |||||||||||||| ||und|| | ||
| 020 | _a0882250663 | ||
| 040 | _coclc | ||
| 082 |
_a909.5 _bWIL/R |
||
| 100 |
_aWilliams, Neville _93360 |
||
| 245 | 0 |
_aReform And Revolt / _cNeville Williams |
|
| 260 |
_bNews Week Books, _c1975. _aNew York: |
||
| 300 | _a160p | ||
| 650 | _aWorld History | ||
| 942 |
_cBK _2ddc _h909.5 _iWIL/R _k909.5 _mWIL/R |
||